| Tag |
First Indicator |
Second Indicator |
Subfields |
| LEADER |
00000cam a2200000Ia 4500 |
| 001 |
in00001709255 |
| 005 |
20151024150646.0 |
| 008 |
020819s2002 enka b 001 0 eng d |
| 020 |
|
|
|a 0855984643
|
| 035 |
|
|
|a (OCoLC)ocm50427731
|
| 040 |
|
|
|a INT
|c INT
|d TXA
|d UtOrBLW
|
| 043 |
|
|
|a d------
|
| 049 |
|
|
|a TXAM
|
| 090 |
|
|
|a HD1417
|b .D484 2002
|
| 245 |
0 |
0 |
|a Development and agroforestry :
|b scaling up the impacts of research : essays from Development in practice /
|c edited by Steven Franzel [and others].
|
| 264 |
|
1 |
|a Oxford :
|b Oxfam GB ;
|c 2002.
|
| 264 |
|
2 |
|a Herndon, VA :
|b Stylus Pub. [distributor],
|
| 300 |
|
|
|a xii, 202 pages :
|b illustrations ;
|c 22 cm.
|
| 336 |
|
|
|a text
|b txt
|2 rdacontent
|
| 337 |
|
|
|a unmediated
|b n
|2 rdamedia
|
| 338 |
|
|
|a volume
|b nc
|2 rdacarrier
|
| 490 |
1 |
|
|a Development in practice reader
|
| 504 |
|
|
|a Includes bibliographical references (pages 171-179) and index.
|
| 650 |
|
0 |
|a Agroforestry
|x Research
|z Developing countries.
|
| 650 |
|
0 |
|a Agroforestry
|z Developing countries.
|
| 650 |
|
0 |
|a Economic development.
|
| 700 |
1 |
|
|a Franzel, Steven Charles.
|
| 830 |
|
0 |
|a Development in practice reader.
|
| 948 |
|
|
|a cataloged
|b h
|c 2002/8/30
|d c
|e jgreene
|f 11:55:20 am
|
| 994 |
|
|
|a E0
|b TXA
|
| 999 |
|
|
|a MARS
|
| 999 |
f |
f |
|s 4e6779b8-decd-3c5f-8264-d756136f9d40
|i 4097869d-0c37-3769-be63-272935b4b120
|t 0
|
| 952 |
f |
f |
|p ric
|a Texas A&M University
|b Rellis Campus
|c Joint Library Facility
|d Remote Storage
|t 0
|e HD1417 .D484 2002
|h Library of Congress classification
|i unmediated -- volume
|m A14829019879
|
| 998 |
f |
f |
|a HD1417 .D484 2002
|t 0
|l Remote Storage
|